Breve de nuestro muy santo padre Clemente XIV por el cual su santidad suprime, deroga y extingue el instituto y orden de los Clérigos Regulares, denominados de la Compañía de Jesús y la Real Cédula de Carslos III mandando poner en práctica en España el referido breve. (Record no. 31992)

MARC details
000 -LEADER
campo de control de longitud fija 00967nam a2200205 i 4500
001 - NÚMERO DE CONTROL
campo de control 31992
003 - IDENTIFICADOR DE NÚMERO DE CONTROL
campo de control ES-MaACL
005 - FECHA Y HORA DE LA ÚLTIMA TRANSACCIÓN
campo de control 20250831073233.0
007 - CAMPO FIJO DE DESCRIPCIÓN FÍSICA--INFORMACIÓN GENERAL
campo de control de longitud fija t|
008 - DATOS DE LONGITUD FIJA--INFORMACIÓN GENERAL
campo de control de longitud fija 030207s1873 sp ||||1| spa d
110 2# - ENTRADA PRINCIPAL--NOMBRE DE ENTIDAD CORPORATIVA
Nombre de entidad corporativa o nombre de jurisdicción como elemento de entrada Iglesia Católica.
Unidad subordinada Papa (1769-1774: Clemente XIV)
9 (RLIN) 4664
245 10 - MENCIÓN DEL TÍTULO
Título Breve de nuestro muy santo padre Clemente XIV por el cual su santidad suprime, deroga y extingue el instituto y orden de los Clérigos Regulares, denominados de la Compañía de Jesús y la Real Cédula de Carslos III mandando poner en práctica en España el referido breve.
260 ## - PUBLICACIÓN, DISTRIBUCIÓN, ETC.
Lugar de publicación, distribución, etc. Madrid :
Nombre del editor, distribuidor, etc. Tipografía de Gregorio Estrada,
Fecha de publicación, distribución, etc. 1873.
300 ## - DESCRIPCIÓN FÍSICA
Extensión 32 p. ;
Dimensiones 24 cm.
500 ## - NOTA GENERAL
Nota general En portada: Año de 1773, en Madrid, en la imprenta de Pedro Marin. Fielmente reimpreso para conmemorar el centésimo aniversario.
610 27 - PUNTO DE ACCESO ADICIONAL DE MATERIA--NOMBRE DE ENTIDAD CORPORATIVA
Nombre de entidad corporativa o nombre de jurisdicción como elemento de entrada Jesuitas-
Subdivisión general Expulsión.
9 (RLIN) 5352
700 1# - ENTRADA AGREGADA--NOMBRE PERSONAL
Nombre de persona Clemente
Numeración XIV
Títulos y otros términos asociados al nombre , Papa.
9 (RLIN) 39210
852 ## - LOCALIZACIÓN
Ubicación ES-MaACL
Número de control de estantería Fol-Laf-289
Holdings
Estatus retirado Estado de pérdida Estado de daño No para préstamo Colección Biblioteca de origen Biblioteca actual Ubicación en estantería Fecha de adquisición Fuente de adquisición Total de préstamos Signatura topográfica completa Código de barras Visto por última vez Precio de reemplazo Tipo de ítem Koha
        Colección de folletos Biblioteca del Ateneo de Madrid Biblioteca del Ateneo de Madrid Depósito folletos 17/01/2008     Fol-Laf-289 1033096 23/02/2023 23/02/2023 Folleto